1322 1535 1781 1654 1467 1021 1390 1178 1714 1562 1461 1634 1842 1276 1477 1966 1349 1494 1803 1534 1984 1252 1105 1914 1495 1194 1474 1561 1374 1080 1933 1651 1547 1411 1293 1619 1500 1650 1302 1425 1038 1753 1447 1829 1149 1672 1957 1364 1467 1852 1721 1036 1342 1827 1249 1441 1872 1802 1506 1139 1540 1738 1133 2000 1879 1360 1323 1820 1083 1309 1899 1622 1944 1088 1053 1105 1037 1090 1946 1771 1942 1423 1528 1930 1890 1945 1990 1559 1990 1382 1874 1637 1331 1082 1818 1101 1986 1023 1767 BCNSPRNW ULIB Ver.6.0+V

เปลี่ยนเป็นภาษาไทย

Change to English
 แสดงรายละเอียดบรรณานุกรม
  กลับหน้าหลัก

Brief Record : Get Marc (ISO 2709) : E-mail record : QR code < ปิดหน้าต่าง
LEADER : 00000nam 2200000uu 4500
001    13399112430
003     ULIB
008    110815s2543||||th 000 0 tha d
040    cl
050  4 HM251^bพ537จ 2543
100 1  พัชร นักบรรเลง
245 10 จิตวิทยาสังคม /^cพัชร นักบรรเลง
260    พิษณุโลก :^bวิทยาลัยพยาบาลบรมราชชนนี พุทธชินราช,^c2543
300    180 หน้า :^bภาพประกอบ
650  7 จิตวิทยาทางสังคม
945    ^p80^l0^i012947
945    ^p80^l0^i012948
945    ^p80^l0^i012949
945    ^p80^l0^i012950
945    ^p80^l0^i012951
945    ^p80^l0^i012952
945    ^p80^l0^i012953
945    ^p80^l0^i012954
945    ^p80^l0^i012955
945    ^p80^l0^i012956
995    ทศพร
999 ^a ทศพร
รายการนี้ยังไม่มีแท็ก
คุณยังไม่ได้ล็อกอิน คุณสามารถมีกิจกรรมร่วมกับเว็บไซต์ได้ แต่ต้องล็อกอินก่อน ::
  ล็อกอิน

รายการสื่อสารสนเทศ

ลำดับที่ ประเภท เลขเรียก/บาร์โค้ด สถานที่ สถานะ
- ไม่พบข้อมูล -

BibComment


ยังไม่เคยถูกคอมเมนท์

คอมเมนท์ทรัพยากรรายการนี้
  คอมเมนท์: จิตวิทยาสังคม พ..


 Copyright 2026. Bcnsprnw @Library